MARC

LEADER 00000nam0a2200000 4500
001 183223
005 20231031171459.0
035 |a (RuTPU)RU\TPU\book\198606 
090 |a 183223 
100 |a 20100706d1960 km y0rusy50 ca 
101 1 |a rus  |c eng 
102 |a RU 
105 |a y z 001zy 
200 1 |a Гомологическая алгебра  |e пер. с англ.  |f А. Картан, С. Эйленберг 
210 |a Москва  |c Изд-во иностранной литературы  |d 1960 
215 |a 510 с. 
320 |a Предметный указатель: с. 500-506. 
610 1 |a алгебра 
610 1 |a гомологическая алгебра 
610 1 |a кольца 
610 1 |a модули 
610 1 |a сателлиты 
610 1 |a гомологии 
610 1 |a производные функторы 
610 1 |a конечные группы 
610 1 |a алгебры Ли 
610 1 |a расширения 
610 1 |a точные категории 
610 1 |a двойственность 
675 |a 512.66  |v 3 
700 1 |a Картан  |b А.  |g Анри 
701 1 |a Эйленберг  |b С.  |g Самуэл 
801 1 |a RU  |b 63413507  |c 20100706 
801 2 |a RU  |b 63413507  |c 20180518  |g RCR 
942 |c BK